[Event "CRO U20 1 liga"]
[Site "Cakovec"]
[Date "2020.07.18"]
[Round "9.3"]
[White "Mahecic, Lovre"]
[Black "Borzan, Matej"]
[Result "1-0"]
[WhiteElo "1977"]
[BlackElo "1746"]
[PlyCount "69"]
[EventDate "2020.??.??"]
[WhiteClock "1:30:00"]
[BlackClock "1:30:00"]

{[%evp 0,69,32,-17,-10,-17,55,2,15,-22,-14,-14,-13,-13,15,-16,15,13,15,16,33,
33,35,33,33,37,76,51,63,46,47,47,47,9,131,86,86,86,89,62,70,86,109,69,89,94,94,
91,96,75,71,71,73,55,79,79,75,77,81,95,111,111,216,210,205,222,282,421,421,318,
747,977]} 1. c4 e5 2. Nc3 f5 3. g3 Nf6 4. Bg2 Nc6 5. d3 Bb4 6. Bd2 Bxc3 7. Bxc3
d6 8. e3 O-O 9. Ne2 Bd7 10. O-O Qe7 11. Qc2 Rad8 12. b4 e4 13. Nf4 exd3 14.
Qxd3 Ne5 15. Bxe5 dxe5 16. Nd5 Qd6 17. c5 Qe6 18. Nxc7 Qf7 19. Nd5 Be6 20.
Nxf6+ Qxf6 21. Qc3 Bd5 22. Bxd5+ Rxd5 23. Qc4 Qf7 24. Rad1 Rfd8 25. Rxd5 Rxd5
26. c6 bxc6 27. Qxc6 Rd8 28. a4 g6 29. Rc1 Qe7 30. Qc5 Qb7 31. Qxe5 Qxb4 32.
Rc7 Qf8 33. Qe6+ Kh8 34. Rxa7 Re8 35. Qd7 1-0

[Event "CRO U20 1 liga"]
[Site "Cakovec"]
[Date "2020.07.18"]
[Round "9.4"]
[White "Dankos, Mislav"]
[Black "Novosel, Lovro"]
[Result "0-1"]
[WhiteElo "1274"]
[BlackElo "1699"]
[PlyCount "70"]
[EventDate "2020.??.??"]
[WhiteClock "1:30:00"]
[BlackClock "1:30:00"]

{[%evp 0,70,19,19,19,19,72,36,49,52,65,29,29,10,69,17,69,43,43,35,24,36,60,-9,
-29,-30,2,-23,7,-5,-10,-38,-74,-89,-64,-87,-26,-19,-14,-43,-43,-43,-84,-103,
-86,-86,-100,-73,-71,-126,-70,-70,-78,-78,-46,-46,-16,-17,-7,19,66,12,27,25,12,
24,45,-25,-29,-64,-45,-232,-221]} 1. d4 Nf6 2. Nf3 g6 3. Bf4 Bg7 4. e3 O-O 5.
Bd3 d6 6. h3 c5 7. c3 b6 8. O-O Bb7 9. Nbd2 Nbd7 10. Rc1 Re8 11. Bh2 e5 12.
dxe5 dxe5 13. e4 Nh5 14. Nc4 Qc7 15. Qc2 b5 16. Ne3 c4 17. Be2 Nf4 18. Bxf4
exf4 19. Nd5 Bxd5 20. exd5 Nb6 21. Rfd1 Rad8 22. Nd4 Bxd4 23. Rxd4 Rxd5 24.
Rcd1 Qe5 25. Bf3 Rxd4 26. Rxd4 Qf6 27. Qd2 Re6 28. Rxf4 Qe7 29. g3 Na4 30. Rd4
Nc5 31. Rd8+ Kg7 32. Qd4+ Qf6 33. Qxf6+ Rxf6 34. Rd5 Nd3 35. Kg2 Ne1+ 0-1

[Event "CRO U20 1 liga"]
[Site "Cakovec"]
[Date "2020.07.18"]
[Round "9.5"]
[White "Levacic, Matej"]
[Black "Damjanovic, Stjepan"]
[Result "1-0"]
[WhiteElo "2040"]
[BlackElo "1867"]
[PlyCount "105"]
[EventDate "2020.??.??"]
[WhiteClock "1:30:00"]
[BlackClock "1:30:00"]

{[%evp 0,105,19,19,19,-36,-12,-14,74,20,54,42,88,78,78,33,45,29,97,95,121,64,
147,109,117,117,134,90,122,79,124,97,102,40,62,-9,42,42,66,31,83,33,25,24,144,
106,107,26,61,61,22,-17,79,91,86,78,55,58,79,9,79,7,51,51,52,52,134,40,78,67,
135,167,216,315,315,178,178,193,203,192,210,206,211,169,172,198,199,204,253,
234,180,167,341,330,349,349,378,316,316,301,424,434,434,398,414,420,445,460]} 
1. d4 Nf6 2. c4 e6 3. Nf3 c5 4. d5 d6 5. Nc3 e5 6. e4 Be7 7. g3 O-O 8. Bg2 Ne8
9. O-O f5 10. Ne1 f4 11. gxf4 exf4 12. Nd3 Bg5 13. e5 dxe5 14. Nxe5 Qf6 15. Re1
Nd6 16. Nf3 Bg4 17. Ne4 Nxe4 18. Rxe4 Nd7 19. Qb3 Qg6 20. Re1 Bh6 21. h3 Bh5
22. Re6 Rf6 23. Re7 Rb6 24. Qc3 Nf6 25. Ne5 Qf5 26. Qd3 Qg5 27. Nf3 Bxf3 28.
Qxf3 Rf8 29. b3 Ng4 30. Re6 Ne5 31. Qe4 Rxe6 32. dxe6 Re8 33. h4 Qh5 34. Bxf4
Rxe6 35. Qd5 Qf5 36. Bxh6 gxh6 37. Qxe6+ Qxe6 38. Bd5 Nf3+ 39. Kh1 Qxd5 40.
cxd5 Kf7 41. h5 Ke7 42. Kg2 Nd4 43. Re1+ Kd6 44. Re8 Kxd5 45. Re7 Ne6 46. Rxb7
Nf4+ 47. Kf3 Nxh5 48. Rxa7 Nf6 49. Rf7 Ne8 50. Rxh7 c4 51. Rxh6 cxb3 52. axb3
Nc7 53. Ke3 1-0

[Event "CRO U20 1 liga"]
[Site "Cakovec"]
[Date "2020.07.18"]
[Round "9.6"]
[White "Juric, Ester"]
[Black "Ljubicic, Mario"]
[Result "1/2-1/2"]
[WhiteElo "1663"]
[BlackElo "1966"]
[PlyCount "71"]
[EventDate "2020.??.??"]
[WhiteClock "1:30:00"]
[BlackClock "1:30:00"]

{[%evp 0,71,19,19,19,-24,34,43,53,57,57,54,35,31,62,63,67,68,111,45,88,45,59,
68,87,87,91,61,5,-5,58,-9,-67,-67,-52,-26,-38,-69,54,5,11,11,71,63,63,12,11,37,
174,52,52,90,90,90,61,21,21,18,17,24,30,19,39,43,43,43,43,16,4,4,14,0,22,0]} 1.
d4 Nf6 2. c4 g6 3. Nc3 Bg7 4. e4 d6 5. h3 O-O 6. Be3 Na6 7. Nf3 c6 8. Be2 e5 9.
d5 Nh5 10. g3 f5 11. exf5 gxf5 12. Nxe5 Nxg3 13. fxg3 Bxe5 14. Rg1 Qf6 15. Qb3
Bd4 16. Bxd4 Qxd4 17. Rg2 Re8 18. Qd1 Nb4 19. Qxd4 Nc2+ 20. Kd2 Nxd4 21. Bh5
Re5 22. Re1 Bd7 23. Ne2 Rae8 24. Nxd4 Rxe1 25. Bxe8 Rxe8 26. dxc6 bxc6 27. Re2
Rxe2+ 28. Kxe2 Kf7 29. Ke3 a6 30. b4 Kf6 31. Kf4 c5 32. bxc5 dxc5 33. Nb3 Be6
34. Nxc5 Bxc4 35. a3 Bb5 36. g4 1/2-1/2

[Event "CRO U20 1 liga"]
[Site "Cakovec"]
[Date "2020.07.18"]
[Round "9.8"]
[White "Markovic, Marko"]
[Black "Jaksic, Josip"]
[Result "0-1"]
[WhiteElo "1643"]
[BlackElo "1616"]
[PlyCount "106"]
[EventDate "2020.??.??"]
[WhiteClock "1:30:00"]
[BlackClock "1:30:00"]

{[%evp 0,106,19,19,19,-14,-14,-21,0,-16,5,0,31,31,40,35,35,-12,-18,-10,-10,-4,
51,-4,-5,11,-8,-30,-9,-31,17,-10,-10,-141,-130,-130,-130,-124,-124,-124,-129,
-153,-138,-158,-154,-151,-110,-123,-105,-115,-101,-118,-99,-101,-101,-87,-78,
-86,19,17,-17,-62,-54,0,0,-73,21,-61,-44,-102,-106,-106,-102,-99,-105,-135,
-128,-202,-221,-310,-227,-284,-382,-558,-474,-613,-613,-613,-682,-760,-781,
-909,-789,-894,-982,-1002,-1002,-1002,-1002,-681,-992,-1002,-1012,-1012,-29992,
-29993,-29992,-29997,-29998]} 1. d4 Nf6 2. c4 e6 3. Nc3 d5 4. Nf3 Be7 5. Bf4
O-O 6. e3 b6 7. cxd5 Nxd5 8. Bd3 Nxf4 9. exf4 Bb7 10. O-O Bf6 11. Qe2 Qd6 12.
g3 Nc6 13. Rad1 Rfd8 14. h4 a6 15. Ne4 Qe7 16. Neg5 h6 17. Ne4 Nxd4 18. Nxf6+
Qxf6 19. Nxd4 Rxd4 20. Qe3 Rad8 21. Rd2 c5 22. Rfd1 Kh8 23. Bb1 Rxd2 24. Rxd2
Rxd2 25. Qxd2 Qd4 26. Qxd4 cxd4 27. Kf1 f5 28. Ke2 Be4 29. Bd3 b5 30. a4 Bc6
31. axb5 axb5 32. b4 Kg8 33. f3 Kf7 34. g4 Kf6 35. Kf2 fxg4 36. fxg4 e5 37.
fxe5+ Kxe5 38. Ke2 Kf4 39. Bf5 Bf3+ 40. Kd3 Bxg4 41. Bg6 Bf5+ 42. Bxf5 Kxf5 43.
Kxd4 g5 44. hxg5 hxg5 45. Kc5 g4 46. Kxb5 g3 47. Kc6 g2 48. b5 g1=Q 49. b6 Qg3
50. Kb7 Ke6 51. Ka8 Qa3+ 52. Kb8 Kd6 53. b7 Kc6 0-1

[Event "CRO U20 1 liga"]
[Site "Cakovec"]
[Date "2020.07.18"]
[Round "9.9"]
[White "Tomulic, Teo"]
[Black "Muha, Miljenko"]
[Result "0-1"]
[WhiteElo "2359"]
[BlackElo "2310"]
[PlyCount "114"]
[EventDate "2020.??.??"]
[WhiteClock "1:30:00"]
[BlackClock "1:30:00"]

{[%evp 0,114,19,7,37,4,46,34,63,-17,32,6,20,22,36,33,42,-34,-46,-29,-29,-66,7,
-48,-30,-83,-33,-35,-25,-104,-82,-82,-82,-146,-91,-166,-145,-164,-91,-125,-105,
-147,11,-49,157,-90,-62,-145,-94,-120,-117,-162,-202,-202,-114,-219,-177,-157,
-156,-217,-253,-435,-344,-634,-656,-686,-639,-665,-471,-493,-516,-679,-554,
-554,-519,-681,-681,-681,-730,-785,-683,-683,-683,-683,-674,-674,-591,-664,
-696,-587,-477,-748,-706,-787,-756,-1246,-465,-479,-486,-504,-489,-506,-492,
-559,-549,-579,-579,-1319,-720,-2065,-2113,-2156,-2145,-29991,-29992,-29993,
-29994]} 1. e4 e6 2. d4 d5 3. e5 c5 4. c3 Nc6 5. Nf3 Qb6 6. Be2 cxd4 7. cxd4
Nh6 8. Bxh6 Qxb2 9. Nbd2 gxh6 10. O-O Qa3 11. Re1 Bd7 12. Bb5 Bb4 13. Re3 Qa5
14. Bd3 Bxd2 15. Nxd2 Nxd4 16. Rh3 Rc8 17. Nf1 Rc3 18. Rc1 Ke7 19. Rxc3 Qxc3
20. Qg4 Qa1 21. Rxh6 a6 22. a4 Nc6 23. Rh5 Ke8 24. Qg7 Rf8 25. g4 Qd1 26. Rh3
Qxa4 27. Kg2 Qa1 28. Re3 d4 29. Re2 Nb4 30. Bc4 Bc6+ 31. f3 Bxf3+ 32. Kxf3
Qxf1+ 33. Kg3 d3 34. Rf2 Qg1+ 35. Kf3 Qc1 36. Bb3 d2 37. Qxh7 d1=Q+ 38. Bxd1
Qxd1+ 39. Kg3 Qg1+ 40. Kf3 Qh1+ 41. Kg3 Qe1 42. Kg2 Qxe5 43. Qb1 Qd4 44. h3 Ke7
45. Qh7 Nd3 46. Rf1 Nf4+ 47. Kg3 Qd3+ 48. Qxd3 Nxd3 49. h4 b5 50. h5 b4 51. h6
b3 52. g5 b2 53. h7 Rh8 54. Rxf7+ Kxf7 55. g6+ Kxg6 56. Kg2 Rxh7 57. Kg3 b1=Q
0-1

[Event "CRO U20 1 liga"]
[Site "Cakovec"]
[Date "2020.07.18"]
[Round "9.10"]
[White "Cvitan, Ena"]
[Black "Radenic, Filip"]
[Result "0-1"]
[WhiteElo "2258"]
[BlackElo "2134"]
[PlyCount "88"]
[EventDate "2020.??.??"]
[WhiteClock "1:26:00"]
[BlackClock "1:30:00"]

{[%evp 0,88,19,19,19,-16,-16,-16,-16,-28,-28,-17,-11,-25,5,5,16,6,66,36,49,30,
40,24,-20,-32,-2,-56,0,-34,-20,-21,20,17,63,63,204,23,63,-60,89,39,63,-6,34,5,
72,-40,3,3,19,-35,-31,-90,31,-77,-104,-105,-110,-253,-187,-233,-233,-501,-501,
-501,-43,-43,-43,-43,-68,-56,-11,-27,-6,-53,-53,-63,-51,-343,-361,-361,-336,
-336,-336,-404,-419,-419,-404,-488,-382]} 1. d4 Nf6 2. c4 e6 3. Nc3 Bb4 4. e3
O-O 5. Bd3 d5 6. a3 Bxc3+ 7. bxc3 dxc4 8. Bxc4 c5 9. Ne2 Qc7 10. Bd3 e5 11.
dxe5 Qxe5 12. Qc2 Be6 13. Ng3 Re8 14. O-O Nbd7 15. f4 Qc7 16. c4 Nf8 17. Bb2
Ng4 18. Qc3 f6 19. h3 Nh6 20. Rf3 Rad8 21. Nh5 Qf7 22. Rg3 Rxd3 23. Nxf6+ Kh8
24. Qxd3 gxf6 25. Qc3 Ng8 26. e4 b6 27. Rd1 Bxc4 28. Rd6 Ng6 29. h4 Rxe4 30. h5
Nxf4 31. Rxg8+ Kxg8 32. Rd8+ Re8 33. Rxe8+ Qxe8 34. Qxc4+ Ne6 35. Bxf6 Qf7 36.
Qg4+ Kf8 37. Qf3 Nd4 38. Qa8+ Qe8 39. Qxa7 Qe3+ 40. Kh1 Qc1+ 41. Kh2 Qf4+ 42.
Kh1 Qf1+ 43. Kh2 Qxf6 44. Qxh7 Ne2 0-1

[Event "CRO U20 1 liga"]
[Site "Cakovec"]
[Date "2020.07.18"]
[Round "9.12"]
[White "Purini, Bruno"]
[Black "Zekic, Patrik"]
[Result "1/2-1/2"]
[WhiteElo "2017"]
[BlackElo "1699"]
[PlyCount "143"]
[EventDate "2020.??.??"]
[WhiteClock "1:30:00"]
[BlackClock "1:30:00"]

{[%evp 0,143,19,27,37,37,4,-44,-24,-39,-3,-11,7,2,61,10,-5,-8,-10,-24,-23,-50,
-35,-59,9,-11,-31,-48,-21,-5,9,-39,-52,-35,36,0,38,-46,-74,-35,-11,-199,-199,
-228,-185,-209,-214,-283,-244,-342,-188,-214,-126,-151,-134,-134,-121,-145,-98,
-99,-32,-128,-130,-192,-127,-161,-141,-141,-131,-185,-127,-168,-134,-138,-156,
-160,-139,-137,-115,-165,-127,-139,-119,-122,-125,-143,-146,-172,-182,-188,
-190,-190,-165,-180,-158,-158,-159,-156,-168,-156,-156,-169,-163,-162,-128,
-158,-122,-162,-162,-163,-163,-162,-157,-162,-162,-162,-162,-162,-129,-162,
-147,-161,-152,-147,-129,-162,-162,-162,-147,-157,-157,-157,-132,-171,-66,-147,
-147,-159,-147,-147,-117,-160,-171,-171,-133,-140]} 1. e4 e6 2. d3 d5 3. Nd2
Nf6 4. Ngf3 c5 5. g3 b6 6. Bg2 Bb7 7. O-O Be7 8. e5 Nfd7 9. Qe2 Nc6 10. Re1 g5
11. h3 Qc7 12. c4 d4 13. a3 O-O-O 14. b4 cxb4 15. axb4 Bxb4 16. Ba3 a5 17. Bxb4
Nxb4 18. Nxd4 Bxg2 19. Nb5 Qxe5 20. Qxe5 Nxe5 21. Rxe5 Nxd3 22. Rxg5 Nxf2 23.
Kxf2 Rxd2+ 24. Ke3 Rd7 25. c5 bxc5 26. Rxc5+ Kd8 27. Rxa5 Ke7 28. h4 Bd5 29.
Nc3 Rg8 30. Kf4 Bb7 31. Ne2 f6 32. Rc3 Bd5 33. Rac5 Rb8 34. g4 Rb2 35. Rc2 Rxc2
36. Rxc2 e5+ 37. Kg3 Be6 38. Rc3 Rb7 39. g5 Rb3 40. Rxb3 Bxb3 41. gxf6+ Kxf6
42. Nc3 Kf5 43. Nb5 Ke4 44. Nd6+ Kd3 45. Kf2 e4 46. Nf5 Be6 47. Ne3 Kd2 48. Ng2
Bh3 49. Ne3 Be6 50. Nf1+ Kd3 51. Ne3 Kc3 52. Kg3 Kd3 53. Kf2 Bh3 54. Nd1 Be6
55. Ne3 Kd2 56. Ng2 Bh3 57. Ne3 Kd3 58. Nd1 Kd4 59. Ne3 Ke5 60. Kg3 Be6 61. Ng2
Kd4 62. Kf2 Bh3 63. Ne3 h6 64. Nd1 Kd3 65. Ne3 Kd4 66. Nd1 Ke5 67. Kg3 Bd7 68.
Ne3 Be6 69. Ng2 Kd4 70. Kf2 Bh3 71. Ne3 Ke5 72. Kg3 1/2-1/2

[Event "CRO U20 1 liga"]
[Site "Cakovec"]
[Date "2020.07.18"]
[Round "9.13"]
[White "Karlovcec, David"]
[Black "Alfirevic, Duje"]
[Result "0-1"]
[WhiteElo "1655"]
[BlackElo "1994"]
[PlyCount "88"]
[EventDate "2020.??.??"]
[WhiteClock "1:30:00"]
[BlackClock "1:30:00"]

{[%evp 0,88,24,19,19,17,17,11,74,-2,22,-41,28,-107,-18,-65,52,-32,-31,-45,-42,
-49,-44,-45,-40,-104,-56,-140,-65,-65,-35,-44,-34,-34,-23,-52,-34,-34,-20,-42,
-35,-85,-75,-83,-47,-66,-66,-81,-29,-54,-45,-43,-44,-54,-64,-71,-61,-118,-173,
-195,-183,-180,-180,-180,-176,-185,-179,-186,-186,-186,-190,-198,-160,-202,
-177,-180,-174,-172,-167,-171,-158,-158,-158,-158,-135,-138,-155,-155,-91,-672,
-912]} 1. d4 d5 2. Bf4 Nf6 3. e3 c5 4. c3 Nc6 5. Bd3 Bg4 6. Qc2 e6 7. Nd2 Be7
8. Ngf3 c4 9. Be2 Bf5 10. Qc1 h6 11. O-O O-O 12. Bd1 Nh5 13. Bg3 Nxg3 14. hxg3
b5 15. Bc2 Bxc2 16. Qxc2 f5 17. Ne5 Nxe5 18. dxe5 Bc5 19. Rfe1 Qc7 20. f4 Qb6
21. Kf2 a5 22. Nf3 b4 23. Nd4 Bxd4 24. exd4 a4 25. Reb1 b3 26. axb3 axb3 27.
Qd1 Ra2 28. Qc1 Rfa8 29. Ke2 Qa5 30. Rxa2 bxa2 31. Ra1 Qa4 32. Kd2 Qb3 33. Qc2
Rb8 34. Kc1 Rb7 35. Qe2 g5 36. Qf2 gxf4 37. gxf4 Rg7 38. g3 Kh7 39. Qh2 Rg4 40.
Qh3 Qa4 41. Qh2 Qa7 42. Kd2 Qg7 43. Rxa2 Rxg3 44. Ra7 Rd3+ 0-1

[Event "CRO U20 1 liga"]
[Site "Cakovec"]
[Date "2020.07.18"]
[Round "9.14"]
[White "Dumancic, Simun"]
[Black "Stampar, Jakov"]
[Result "1-0"]
[WhiteElo "1920"]
[BlackElo "1465"]
[PlyCount "43"]
[EventDate "2020.??.??"]
[WhiteClock "1:30:00"]
[BlackClock "1:30:00"]

{[%evp 0,43,34,34,75,63,63,63,85,-6,79,15,56,66,150,153,321,340,342,352,355,
296,344,317,361,317,382,394,407,399,381,367,432,397,454,447,412,410,410,424,
470,387,397,368,459,299]} 1. e4 c6 2. d4 d5 3. exd5 cxd5 4. c4 Bf5 5. Nc3 Nf6
6. Qb3 Nc6 7. cxd5 Nxd4 8. Qa4+ b5 9. Qxd4 a6 10. Bg5 Rc8 11. Bd3 Bxd3 12. Qxd3
Nd7 13. Nf3 Nc5 14. Qd4 f6 15. Be3 e5 16. dxe6 Qxd4 17. Nxd4 Nd3+ 18. Ke2 Nxb2
19. Ne4 Be7 20. Rac1 Nc4 21. Nf5 Ba3 22. Rxc4 1-0

[Event "CRO U20 1 liga"]
[Site "Cakovec"]
[Date "2020.07.18"]
[Round "9.15"]
[White "Vuk, Sebastijan"]
[Black "Sagovac, Kristijan"]
[Result "0-1"]
[WhiteElo "1367"]
[BlackElo "1835"]
[PlyCount "52"]
[EventDate "2020.??.??"]
[WhiteClock "1:30:00"]
[BlackClock "1:30:00"]

{[%evp 0,52,34,34,83,83,83,32,108,58,102,42,56,56,56,43,37,41,34,3,23,-53,15,
-26,-5,-11,9,7,-17,-21,-60,-117,-124,-124,-148,-122,-45,-101,-58,-58,-101,-232,
-277,-284,-284,-284,-237,-296,-255,-270,-199,-681,-681,-758,-645]} 1. e4 c5 2.
Nf3 Nc6 3. Bb5 g6 4. O-O Bg7 5. Bxc6 dxc6 6. Nc3 Nf6 7. d3 O-O 8. Be3 b6 9. Nd2
e5 10. f4 exf4 11. Bxf4 Ng4 12. Qf3 Bd4+ 13. Kh1 g5 14. Bg3 Ne3 15. h3 Nxf1 16.
Rxf1 g4 17. Qf4 Kh8 18. Qh6 Bg7 19. Qxc6 gxh3 20. Qxa8 hxg2+ 21. Kxg2 Bh3+ 22.
Kxh3 Qxa8 23. Bd6 Rg8 24. Rxf7 Qc6 25. Bf4 Qg6 26. Rf5 Bxc3 0-1

[Event "CRO U20 1 liga"]
[Site "Cakovec"]
[Date "2020.07.18"]
[Round "9.17"]
[White "Haidinger, Erik"]
[Black "Sos, Fran"]
[Result "1-0"]
[WhiteElo "1767"]
[BlackElo "2024"]
[PlyCount "113"]
[EventDate "2020.??.??"]
[WhiteClock "1:30:00"]
[BlackClock "1:30:00"]

{[%evp 0,113,34,18,18,28,58,36,54,10,1,1,30,36,46,11,36,-5,14,2,-12,-68,-50,
-49,-42,-42,30,18,34,44,31,5,19,9,30,5,27,10,33,36,36,32,26,5,41,47,59,3,61,40,
68,67,67,67,80,96,94,114,114,150,264,264,264,264,370,370,229,217,228,228,243,
255,239,239,307,252,300,281,285,301,308,311,328,328,350,352,384,355,361,363,
364,363,420,382,435,415,415,477,477,428,444,519,482,534,529,567,590,590,672,
771,771,640,676,576,576,881]} 1. d4 Nf6 2. Bf4 c5 3. dxc5 Na6 4. f3 Nxc5 5. e4
d6 6. Nc3 g6 7. Qd2 Ne6 8. Be3 Bg7 9. O-O-O O-O 10. Bh6 Qa5 11. Kb1 Bxh6 12.
Qxh6 Qg5 13. Qxg5 Nxg5 14. h4 Ne6 15. Nge2 Bd7 16. g4 Bc6 17. Nd5 Bxd5 18. exd5
Nc7 19. Nf4 Nd7 20. Be2 Ne5 21. Ng2 a5 22. Ne3 a4 23. Rh3 Ra5 24. g5 Rc5 25. h5
a3 26. f4 Nd7 27. Rdh1 Nxd5 28. Nxd5 Rxd5 29. hxg6 Rd2 30. Bb5 Nc5 31. Rxh7
fxg6 32. Kc1 Rg2 33. b4 Rxf4 34. bxc5 Rxg5 35. cxd6 exd6 36. Rxb7 Rc5 37. Re1
Re5 38. Rxe5 dxe5 39. Re7 e4 40. Bc6 Rf1+ 41. Kd2 Rf2+ 42. Kc3 Rf6 43. Bd5+ Kf8
44. Rxe4 Kg7 45. Kb4 g5 46. Kxa3 Ra6+ 47. Kb4 Kf6 48. a4 Kf5 49. Re8 g4 50. Kb5
Rd6 51. c4 Kf4 52. a5 Rg6 53. a6 Rg7 54. Kb6 Rg6+ 55. Bc6 g3 56. a7 g2 57. Re1
1-0

[Event "CRO U20 1 liga"]
[Site "Cakovec"]
[Date "2020.07.18"]
[Round "9.18"]
[White "Kanizaj, Benjamin"]
[Black "Sundac, Ivano"]
[Result "1-0"]
[WhiteElo "1983"]
[BlackElo "1408"]
[PlyCount "55"]
[EventDate "2020.??.??"]
[WhiteClock "1:30:00"]
[BlackClock "1:30:00"]

{[%evp 0,55,34,7,83,55,111,93,93,91,91,55,89,104,81,100,79,63,63,44,56,11,37,
-6,32,-10,32,8,24,24,37,32,35,45,35,21,17,21,41,86,31,51,99,49,117,44,176,84,
136,136,133,133,131,99,178,178,602,585]} 1. e4 c5 2. Nf3 d6 3. d4 cxd4 4. Nxd4
Nf6 5. Nc3 g6 6. Be3 Bg7 7. f3 O-O 8. Bc4 Nc6 9. Qd2 Bd7 10. O-O-O Rc8 11. Bb3
a6 12. Kb1 b5 13. Nd5 Nxd5 14. Bxd5 Nxd4 15. Bxd4 Bc6 16. Bxg7 Kxg7 17. h4 Bxd5
18. exd5 h6 19. h5 g5 20. f4 f6 21. Rde1 Rc4 22. g3 Qd7 23. Re6 Qe8 24. fxg5
hxg5 25. Qe2 Rc7 26. Re1 Kf7 27. h6 Kg6 28. Qe4+ 1-0

[Event "CRO U20 1 liga"]
[Site "Cakovec"]
[Date "2020.07.18"]
[Round "9.19"]
[White "Tomljanovic, Ivano"]
[Black "Borzan, Andrej"]
[Result "0-1"]
[WhiteElo "1393"]
[BlackElo "1983"]
[PlyCount "64"]
[EventDate "2020.??.??"]
[WhiteClock "1:30:00"]
[BlackClock "1:30:00"]

{[%evp 0,64,18,7,72,69,69,13,61,-2,32,10,33,23,30,2,58,-15,22,17,19,17,45,-10,
21,-13,-6,-86,-50,-57,-57,-58,-53,-52,-1,-178,-178,-538,-512,-512,-513,-621,
-489,-489,-396,-396,-445,-445,-445,-486,-495,-495,-496,-497,-542,-538,-538,
-584,-554,-587,-559,-569,-587,-589,-587,-612,-517]} 1. e4 d6 2. d4 Nf6 3. Bd3
g6 4. c4 Bg7 5. Ne2 O-O 6. O-O e5 7. d5 a5 8. a3 Nbd7 9. Nbc3 Nc5 10. Bc2 Nh5
11. Ng3 Nxg3 12. hxg3 f5 13. f4 fxe4 14. Nxe4 Nxe4 15. Bxe4 Qe7 16. Re1 Re8 17.
Qe2 exf4 18. gxf4 Bd4+ 19. Kf1 Qh4 20. Qc2 Bg4 21. Be3 Bxe3 22. Rxe3 Qh1+ 23.
Kf2 Qxa1 24. Re1 Qxe1+ 25. Kxe1 Bf5 26. Qb3 Rxe4+ 27. Kf2 Rxf4+ 28. Ke3 Re4+
29. Kf3 Rf8 30. Qc3 b6 31. b4 axb4 32. axb4 Rxc4 0-1

[Event "CRO U20 1 liga"]
[Site "Cakovec"]
[Date "2020.07.18"]
[Round "9.20"]
[White "Colev, Ivor"]
[Black "Kresic, Vid"]
[Result "1-0"]
[WhiteElo "1901"]
[BlackElo "1216"]
[PlyCount "75"]
[EventDate "2020.??.??"]
[WhiteClock "1:30:00"]
[BlackClock "1:30:00"]

{[%evp 0,75,19,7,46,31,42,19,13,-32,10,-17,-15,13,13,13,65,51,60,49,86,56,44,
50,63,65,115,126,122,83,53,53,82,17,13,-4,35,12,25,-3,5,45,40,47,57,94,83,62,
63,46,52,53,132,179,328,329,329,361,361,174,229,288,303,206,230,203,290,199,
265,135,399,445,29991,442,29995,29996,29999,-30000]} 1. e4 e5 2. Nf3 Nc6 3. Bb5
Bc5 4. c3 a6 5. Ba4 Nge7 6. d4 exd4 7. cxd4 Ba7 8. d5 Na5 9. Bd2 Nc4 10. Bc3 b5
11. Bc2 Bb7 12. b3 Nb6 13. O-O O-O 14. Qd4 f6 15. Qd3 Ng6 16. h4 d6 17. Qd1 Ne5
18. Nbd2 Nbd7 19. Bd4 Qe7 20. Bxa7 Rxa7 21. Nd4 Nc5 22. b4 Ncd7 23. Ne6 Rc8 24.
Nb3 c5 25. f4 c4 26. Nbd4 Ng6 27. Nf5 Qf7 28. Nxd6 Qe7 29. Nf5 Qxb4 30. h5 Ngf8
31. Qg4 g6 32. hxg6 hxg6 33. Nh4 Kf7 34. e5 f5 35. Bxf5 gxf5 36. Qxf5+ Ke8 37.
Qh5+ Ke7 38. Nf5# 1-0

[Event "CRO U20 1 liga"]
[Site "Cakovec"]
[Date "2020.07.18"]
[Round "10.1"]
[White "Alfirevic, Duje"]
[Black "Haidinger, Erik"]
[Result "1-0"]
[WhiteElo "1994"]
[BlackElo "1767"]
[PlyCount "85"]
[EventDate "2020.??.??"]
[WhiteClock "1:30:00"]
[BlackClock "1:30:00"]

{[%evp 0,85,58,31,77,84,102,111,79,36,65,91,89,104,81,100,79,47,38,44,56,11,37,
-6,0,-17,7,-175,22,-58,44,105,113,113,93,29,68,48,116,65,67,19,51,-2,96,60,60,
70,70,19,54,58,58,58,196,197,198,177,186,169,226,219,231,202,202,206,235,240,
225,238,221,207,210,209,218,230,243,240,240,232,254,215,246,246,304,252,288,
318]} 1. e4 c5 2. Nf3 d6 3. d4 cxd4 4. Nxd4 Nf6 5. Nc3 g6 6. Be3 Bg7 7. f3 O-O
8. Qd2 Nc6 9. Bc4 Bd7 10. O-O-O Rc8 11. Bb3 Ne5 12. h4 h5 13. g4 b5 14. Bh6 Nc4
15. Bxc4 Rxc4 16. Bxg7 Kxg7 17. gxh5 Nxh5 18. Rhg1 Rc5 19. f4 f5 20. Nxf5+ Bxf5
21. Qd4+ Kh7 22. Qxc5 dxc5 23. Rxd8 Rxd8 24. exf5 gxf5 25. Rg5 Nxf4 26. Rxf5
Ng6 27. Nxb5 a6 28. Nc3 Rc8 29. h5 Nh8 30. Re5 Kh6 31. Rxe7 Kxh5 32. Re6 Kg5
33. Rxa6 Kf5 34. Ra5 Ke6 35. b3 Nf7 36. Kb2 Nd6 37. Ra6 Ke5 38. a4 Rb8 39. Rc6
c4 40. Rc5+ Ke6 41. Nb5 Nxb5 42. Rxb5 Rc8 43. b4 1-0

[Event "CRO U20 1 liga"]
[Site "Cakovec"]
[Date "2020.07.18"]
[Round "10.2"]
[White "Sundac, Ivano"]
[Black "Dumancic, Simun"]
[Result "1/2-1/2"]
[WhiteElo "1920"]
[BlackElo "1408"]
[PlyCount "96"]
[EventDate "2020.??.??"]
[WhiteClock "1:30:00"]
[BlackClock "1:30:00"]

{[%evp 0,96,42,13,100,100,100,19,49,-4,17,21,78,71,71,73,71,-4,33,5,22,10,27,3,
18,19,13,4,57,-39,20,53,53,42,42,-53,28,-65,79,49,171,171,92,33,34,39,39,-28,
-28,-50,-33,-54,-8,-65,-51,-44,-50,-55,-57,-76,-76,-154,-92,-156,-79,-108,-85,
-130,-108,-124,-85,-74,-53,-84,-84,-56,-46,-46,-6,-21,-37,-37,-36,-36,-36,-36,
-36,-31,-31,-31,-31,-31,-31,-31,-24,-12,0,-12,0]} 1. e4 c5 2. Nc3 Nc6 3. g3 g6
4. Bg2 Bg7 5. Nge2 e6 6. O-O Nge7 7. d3 O-O 8. f4 d6 9. Be3 Nd4 10. g4 f5 11.
g5 Nec6 12. Ng3 e5 13. Nd5 Ne7 14. Bxd4 cxd4 15. Nxe7+ Qxe7 16. exf5 Bxf5 17.
Qe2 Rae8 18. Rae1 Qd7 19. Nxf5 gxf5 20. Bd5+ Kh8 21. Qg2 exf4 22. Rxe8 Qxe8 23.
Rxf4 Qe3+ 24. Qf2 Be5 25. Qxe3 dxe3 26. Rf3 Bxb2 27. Kf1 f4 28. h4 b6 29. a4
Kg7 30. h5 h6 31. g6 Be5 32. Bf7 Rc8 33. Bb3 d5 34. d4 Bb8 35. Ke2 Kf6 36. Kd3
Re8 37. Ke2 Rd8 38. Rf1 Kf5 39. c3 Kf6 40. Rg1 Kg7 41. Rf1 Bc7 42. Kd3 Rd7 43.
Ke2 Kf6 44. Rg1 Kg7 45. Rf1 Bb8 46. Kd3 a5 47. Ke2 Bc7 48. Kd3 Bb8 1/2-1/2